000 03013pam a2200421 i 4500
999 _c175396
_d175396
001 vtls000858990
003 PNM
005 20191217145045.0
008 180828t20182018my ao e a001 0 may
015 _aM181-03223
020 _a9789672210160
_cRM40.00
_qpaperback
039 9 _a201905091052
_bmasliza
_c201905091027
_drosliza
_c201904021108
_dazizan
_c201811280918
_dben
040 _aBNM
_beng
_cBNM
_dPNM
_dPPAK
_erda
049 _aklpmal
082 0 4 _223
_a297.14092
090 0 0 _a297.14092
_bHAR
_dG
100 0 _aHarussani Hj. Zakaria,
_cTan Sri, Dato' Seri, Dr.,
_d1939-
_eauthor.
245 1 0 _aMemoir Harussani Zakaria :
_bDIA AKAN JADI MUFTI /
_cHarussani Hj. Zakaria
264 1 _aSintok, Kedah :
_bUUM Press, Penerbit Universiti Utara Malaysia,
_c2018
264 4 _c©2018
300 _axii, 151 pages :
_bcolour photographs ;
_c23 cm
336 _atext
_2rdacontent
337 _aunmediated
_2rdamedia
338 _avolume
_2rdacarrier
500 _aContains verses from Qur'an and quotes from the Hadith
500 _aIncludes index
504 _aBibliography : pages 145-147
520 _aTan Sri Dato’ Seri (Dr.) Hj. Harussani bin Hj. Zakaria adalah anak bongsu kepada pasangan Hj. Zakaria b. Hj. Osman dan Hjh. Zainab bt. Jalaluddin, dilahirkan kira-kira 79 tahun yang lalu di Parit Buntar, Perak. Ayah beliau merupakan seorang yang tegas dalam memberi didikan agama kepada anak-anaknya. Perjalanan menjadi Mufti beliau bermula apabila menjawat jawatan sebagai Kadi di Jabatan Agama Pulau Pinang bermula dari tahun 1967 hingga 1973, kemudiannya dilantik sebagai Kadi Besar dari 1973 hingga 1985.Kefasihan beliau dalam mengulas isu-isu agama Islam telah melayakkan beliau untuk dilantik sebagai Mufti Perak bermula 1985 hingga kini. Secara umumnya, Tan Sri Dato’ Seri (Dr.) Hj. Harussani adalah seorang yang tegas dalam pendiriannya. Ketegasan beliau dalam isu-isu yang melibatkan agama Islam ini sebenarnya bukan lagi menjadi rahsia, sama ada dalam kalangan sahabat handai, para penyokong, mahupun mereka yang tidak sependapat dengan beliau. Sejarah telah merakamkan betapa lantangnya beliau ketika bercakap tentang isu murtad, poco-poco, Majlis Perundingan Antara Agama, yoga, penggunaan kalimah Allah oleh orang-orang bukan Islam, kerajaan perpaduan (UMNO-PAS) dan demonstrasi jalanan. Buku ini bukan hanya pengkisahan memoir tetapi juga memberikan beliau satu ruang penjelasan mengenai isu-isu sensasi yang pernah beliau bangkitkan sebelum ini. Semoga karya ini dapat dijadikan rujukan dan penerangan sewajarnya kepada para pembaca.
600 0 4 _aHarussani Hj. Zakaria,
_cTan Sri, Dato' Seri,
_d1966-
_vBiography
650 1 0 _aMuftis (Muslim officials)
_zMalaysia
_vBiography
650 2 0 _aMuslim scholars
_vBiography
650 2 0 _aAutobiography
650 2 0 _aGovernment publications
_zMalaysia
942 _2ddc
_cB
949 _61001382766
_a297.14092 HAR D
_e2598777
949 _61001382767
_a297.14092 HAR D
_e2598778
949 _61001382768
_a297.14092 HAR D
_e2598779